Manual del asfalto

Guardat en:
Dades bibliogràfiques
Autor corporatiu: The Asphalt Institute (Autor)
Format: Llibre
Idioma:espanyol
Publicat: Bilbao Urmo 1969
Matèries:
Etiquetes: Afegir etiqueta
Sense etiquetes, Sigues el primer a etiquetar aquest registre!

MARC

LEADER 00000nam a2200000 a 4500
001 UCU6272
003 CL-VaPUC
008 960614e19690000SP |||||||||||||||||spa|d
082 0 4 |a 625.85  |b THE  |2 21 
110 2 |a The Asphalt Institute  |e author  |9 364471 
245 1 0 |a Manual del asfalto 
300 |a 477 p 
942 |c BK 
945 |d 19960614 00:00:00  |a paguirre 
260 |a Bilbao  |b Urmo  |c 1969 
650 0 |a Pavimentos  |9 258061 
650 0 |a Asfalto  |9 262568 
650 7 |a MATERIALES BITUMINOSOS  |2 CL-VaPUC  |9 364472 
650 7 |a MATERIAS DE CONSTRUCCION  |2 CL-VaPUC  |9 364473 
650 7 |a CALLES  |2 CL-VaPUC  |9 364295 
583 |a last modification  |c 20171031 14:12:30  |k Rodrigo Vera 
999 |c 249279  |d 249277 
952 |0 0  |1 0  |4 0  |6 625_850000000000000_THE_1969  |7 0  |8 A  |9 266453  |a BIBING  |b BIBING  |d 2019-11-19  |i 1706020  |o 625.85 THE 1969  |p 1706020  |r 2025-01-20  |w 2019-11-19  |y BK  |k CCL 
952 |0 0  |1 0  |4 0  |6 625_850000000000000_THE_1969  |7 0  |8 A  |9 266454  |a BIBING  |b BIBING  |d 2019-11-19  |i 1706039  |l 1  |o 625.85 THE 1969  |p 1706039  |r 2025-01-20  |s 2024-03-20  |w 2019-11-19  |y BK  |k CCL